[Event "AUTO-ELITE-1888"]
[Site "http://www.queenalice.com/game.php?id=1498871"]
[Date "2017.10.14"]
[Round "1"]
[White "dorjon"]
[Black "Elbarunz"]
[Result "1-0"]
[WhiteElo "2240"]
[BlackElo "1969"]

1. e4 c5 2. Nf3 Nc6 3. d4 cxd4 4. Nxd4 Nf6 5. Nc3 e5 6. Nb3 Bb4 7. Bg5 h6 8.
Bxf6 Bxc3+ 9. bxc3 Qxf6 10. Bd3 O-O 11. O-O d6 12. Re1 Be6 13. Qe2 Rac8 14. Qe3
a6 15. Qb6 Qe7 16. Rab1 Qc7 17. Qxc7 Rxc7 18. a4 Rfc8 19. c4 Ne7 20. Na5 Rb8 21.
Rb4 Nc6 22. Nxc6 Rxc6 23. a5 Rbc8 24. Rxb7 Bxc4 25. g3 Bxd3 26. cxd3 Rc3 27. Re3
R8c5 28. Rd7 Rc6 29. Rf3 f6 30. Kg2 1-0

[Event "AUTO-ELITE-1888"]
[Site "http://www.queenalice.com/game.php?id=1498876"]
[Date "2017.10.14"]
[Round "1"]
[White "Anusha"]
[Black "dorjon"]
[Result "1-0"]
[WhiteElo "2248"]
[BlackElo "2236"]

1. c4 c5 2. Nf3 Nc6 3. Nc3 g6 4. g3 Bg7 5. Bg2 Nf6 6. O-O d6 7. d4 cxd4 8. Nxd4
Nxd4 9. Qxd4 O-O 10. Qh4 Rb8 11. Bh6 Re8 12. Bxg7 Kxg7 13. Rfd1 Qa5 14. Qd4 Qc5
15. Qd3 Be6 16. b3 Bd7 17. Rac1 Bc6 18. Nd5 Bxd5 19. cxd5 Qb6 20. Bh3 h5 21. Rc4
Qa5 22. Rd2 Rbd8 23. Qd4 Kg8 24. Ra4 Qb6 25. Rxa7 Qxd4 26. Rxd4 Ra8 27. Rxa8
Rxa8 28. a4 Ra5 29. e4 b6 30. Rb4 Ra7 31. f3 Rb7 32. a5 b5 33. Bf1 1-0

[Event "AUTO-ELITE-1888"]
[Site "http://www.queenalice.com/game.php?id=1498877"]
[Date "2017.10.14"]
[Round "1"]
[White "dorjon"]
[Black "Anusha"]
[Result "1-0"]
[WhiteElo "2236"]
[BlackElo "2263"]

1. d4 e6 2. c4 f5 3. Nf3 Nf6 4. Bg5 Bb4+ 5. Nbd2 O-O 6. a3 Be7 7. e3 b6 8. g3
Bb7 9. Bg2 Nc6 10. O-O h6 11. Bxf6 Bxf6 12. Nb3 Ba6 13. d5 exd5 14. Qxd5+ Kh8
15. Nfd4 Bb7 16. Nxc6 Bxc6 17. Qd2 Bxg2 18. Kxg2 d6 19. Nd4 Qd7 20. h4 Rad8 21.
Rad1 Bxd4 22. Qxd4 Rfe8 23. Rfe1 Re4 24. Qd5 Rde8 25. c5 bxc5 26. Qxc5 R4e5 27.
Qc3 f4 28. exf4 R5e7 29. Rxe7 Rxe7 30. Re1 Rf7 31. b4 Qb5 32. Qe3 a6 33. Qe8+
Qxe8 34. Rxe8+ Kh7 35. Ra8 Re7 36. Rxa6 d5 37. Rc6 d4 38. Rc2 Kg6 39. Rd2 Rd7
40. Kf3 c5 41. bxc5 Rc7 42. Rxd4 Rxc5 43. a4 h5 44. Ke4 Rc2 45. f5+ Kf6 46. f3
Rg2 47. Kf4 Ra2 48. Rd6+ Ke7 49. Rg6 Rxa4+ 50. Kg5 Ra3 51. f6+ gxf6+ 52. Rxf6
Ra5+ 53. Rf5 Ra3 54. Kxh5 Rb3 55. g4 Rxf3 56. Rxf3 Kd8 57. Rf7 Kc8 58. g5 Kb8
59. g6 Ka8 60. g7 Kb8 61. g8=Q# 1-0

[Event "AUTO-MASTER-2579"]
[Site "http://www.queenalice.com/game.php?id=1501019"]
[Date "2017.10.29"]
[Round "2"]
[White "dorjon"]
[Black "kokokinel"]
[Result "1/2-1/2"]
[WhiteElo "2237"]
[BlackElo "2207"]

1. c4 Nf6 2. d4 g6 3. Nf3 d5 4. Nc3 Bg7 5. cxd5 Nxd5 6. e3 O-O 7. Bc4 Nxc3 8.
bxc3 c5 9. O-O Nc6 10. Qc2 Qa5 11. a4 a6 12. Ba3 cxd4 13. cxd4 Rb8 14. h3 Re8
15. Qb3 e6 16. Bd6 Ra8 17. Rab1 Bf8 18. Bxf8 Kxf8 19. e4 Kg7 20. d5 exd5 21.
exd5 Na7 22. Rbd1 b5 23. axb5 axb5 24. Ra1 bxc4 25. Qxc4 Qb6 26. Rfb1 Qd6 27.
Rxa7 Rxa7 28. Qd4+ Kg8 29. Qxa7 Qxd5 30. Qa4 Bd7 31. Rd1 Qc6 32. Qxc6 1/2-1/2

[Event "AUTO-MASTER-2579"]
[Site "http://www.queenalice.com/game.php?id=1501020"]
[Date "2017.10.29"]
[Round "2"]
[White "kokokinel"]
[Black "dorjon"]
[Result "0-1"]
[WhiteElo "2234"]
[BlackElo "2224"]

1. f4 d5 2. Nf3 Nc6 3. e3 Nf6 4. Be2 Bf5 5. d3 e6 6. O-O Bd6 7. c3 O-O 8. Qe1 e5
9. fxe5 Nxe5 10. Nxe5 Be6 11. Nf3 c5 12. Na3 h6 13. Nc2 Bg4 14. Qh4 Bd7 15. Bd2
c4 16. Nfd4 Nh7 17. Qxd8 Raxd8 18. dxc4 Ng5 19. cxd5 Ne4 20. Rad1 Be5 21. Bf3
Nf6 22. e4 Rfe8 23. Rde1 a6 24. c4 g5 25. Bc3 Rc8 26. b3 Kg7 27. Ne2 Bxc3 28.
Rd1 Be5 29. g3 Bh3 30. Rfe1 b5 31. Ne3 Bd7 32. Nf5+ Bxf5 33. exf5 bxc4 34. bxc4
g4 35. Bg2 Bd6 36. Kf1 Bb4 37. Nf4 Bxe1 38. Rxe1 Rxc4 39. Nh5+ Nxh5 40. Rxe8 Nf6
41. Re2 Rd4 0-1

[Event "AUTO-MASTER-2579"]
[Site "http://www.queenalice.com/game.php?id=1501021"]
[Date "2017.10.29"]
[Round "2"]
[White "dorjon"]
[Black "Bruscato"]
[Result "0-1"]
[WhiteElo "2242"]
[BlackElo "2107"]

1. e4 c6 2. Nc3 e5 3. Nf3 d6 4. Bc4 Be7 5. d3 Nf6 6. Bg5 O-O 7. h3 Nbd7 8. O-O
b5 9. Bb3 a5 10. a3 Ba6 11. Re1 Qc7 12. d4 exd4 13. Nxd4 Rfe8 14. Nf5 Bf8 15.
Bh4 b4 16. axb4 axb4 17. Rxa6 Rxa6 18. Bg3 bxc3 19. Nxd6 Bxd6 20. Bxd6 Qa5 21.
Ba3 cxb2 22. Bxb2 Nc5 23. Bc4 Raa8 24. Bxf6 gxf6 25. Qg4+ Kf8 26. Re3 Qa1+ 27.
Kh2 Ra4 28. e5 Rxe5 29. Qc8+ Kg7 30. Rg3+ Rg5 31. Rg4 Rxc4 32. Rxc4 Ne6 33. h4
Rg6 34. Qxc6 Qe5+ 35. g3 Nd4 36. Kg2 Nxc6 0-1

[Event "AUTO-MASTER-2579"]
[Site "http://www.queenalice.com/game.php?id=1501022"]
[Date "2017.10.29"]
[Round "2"]
[White "Bruscato"]
[Black "dorjon"]
[Result "1-0"]
[WhiteElo "2106"]
[BlackElo "2244"]

1. e4 e5 2. f4 d5 3. Nf3 Nf6 4. fxe5 Nxe4 5. d3 Nc5 6. Nc3 Ne6 7. d4 Bb4 8. Bd2
b6 9. a3 Be7 10. Bd3 c5 11. dxc5 O-O 12. O-O d4 13. Ne4 bxc5 14. b3 Ba6 15. Bxa6
Nxa6 16. Qe2 Nac7 17. Rae1 Qd5 18. Ng3 Rfe8 19. a4 Rad8 20. Ne4 d3 21. cxd3 Qxd3
22. Qf2 Qxb3 23. Be3 Qd5 24. Ng3 f6 25. Nh5 fxe5 26. Qg3 e4 27. Ne5 Bd6 28. Nf6+
1-0

[Event "AUTO-MASTER-2573"]
[Site "http://www.queenalice.com/game.php?id=1505622"]
[Date "2017.11.25"]
[Round "2"]
[White "Constante"]
[Black "dorjon"]
[Result "0-1"]
[WhiteElo "2230"]
[BlackElo "2230"]

1. Nf3 d5 2. g3 Nf6 3. Bg2 Nc6 4. d4 Bf5 5. O-O h6 6. b3 e6 7. Bb2 Bd6 8. Nbd2
O-O 9. c4 Re8 10. Ne5 Bxe5 11. dxe5 Nd7 12. cxd5 Ncxe5 13. dxe6 fxe6 14. Bxb7 c6
15. Ba6 Bh3 16. Re1 Qb6 17. Bd3 Rf8 18. Nf3 Ng4 19. e3 Rad8 20. Qc2 Rxf3 21.
Bh7+ Kh8 22. Qg6 Ndf6 23. Rad1 Rxf2 24. Rxd8+ Qxd8 0-1

[Event "AUTO-MASTER-2573"]
[Site "http://www.queenalice.com/game.php?id=1505623"]
[Date "2017.11.25"]
[Round "2"]
[White "dorjon"]
[Black "Constante"]
[Result "1-0"]
[WhiteElo "2226"]
[BlackElo "2189"]

1. e4 e6 2. c4 d5 3. cxd5 exd5 4. exd5 Nf6 5. d4 Bb4+ 6. Nc3 Qxd5 7. Be3 O-O 8.
Ne2 Bg4 9. h3 Bh5 10. Rc1 Nc6 11. Qa4 Bxe2 12. Bxe2 Qxg2 13. Rf1 Qxh3 14. Kd1 a6
15. Qc2 Qg2 16. a3 Bxc3 17. Qxc3 Ne4 18. Qe1 Qh3 19. Rh1 Qd7 20. Kc2 Nxd4+ 21.
Bxd4 Qxd4 22. Bd3 Nf6 23. Rd1 Qc5+ 24. Kb1 Rfe8 25. Qd2 h6 26. Rxh6 Kf8 27. Rh8+
1-0

[Event "AUTO-ELITE-1950"]
[Site "http://www.queenalice.com/game.php?id=1518122"]
[Date "2018.3.2"]
[Round "1"]
[White "dorjon"]
[Black "Matt24"]
[Result "0-1"]
[WhiteElo "2255"]
[BlackElo "2484"]

1. Nf3 d5 2. d4 Nf6 3. e3 e6 4. Bd3 c5 5. Bb5+ Bd7 6. Bxd7+ Nbxd7 7. Nc3 Bd6 8.
O-O O-O 9. h3 Rc8 10. Ne2 a6 11. b3 cxd4 12. Nfxd4 g6 13. Bb2 Qc7 14. Rc1 b5 15.
Nf3 Qa5 16. Ra1 b4 17. Ne1 Rfe8 18. Nd3 e5 19. g3 Rc7 20. Ne1 Rec8 21. a4 bxa3
22. Bc1 Bb4 23. c3 Bxc3 24. Rxa3 Qb4 25. Rxa6 Bxe1 26. Rxe1 Rc2 27. e4 Nxe4 28.
Ba3 Qb5 29. Ra4 Rd2 30. Rxe4 Rxd1 31. Rxd1 dxe4 0-1

[Event "AUTO-ELITE-1950"]
[Site "http://www.queenalice.com/game.php?id=1518123"]
[Date "2018.3.2"]
[Round "1"]
[White "Matt24"]
[Black "dorjon"]
[Result "1-0"]
[WhiteElo "2477"]
[BlackElo "2260"]

1. d4 Nf6 2. c4 e6 3. Nc3 Bb4 4. e3 O-O 5. Nf3 d5 6. Bd2 c6 7. Be2 Bxc3 8. Bxc3
Re8 9. Qc2 Nbd7 10. O-O h6 11. Nd2 b6 12. f4 Bb7 13. Rad1 c5 14. Rf3 dxc4 15.
Rg3 cxd4 16. Bxd4 e5 17. fxe5 Nxe5 18. Nxc4 Nxc4 19. Bxc4 Qe7 20. Qg6 1-0

[Event "AUTO-ELITE-1950"]
[Site "http://www.queenalice.com/game.php?id=1518124"]
[Date "2018.3.2"]
[Round "1"]
[White "dorjon"]
[Black "Guilherme_Ottoni"]
[Result "1-0"]
[WhiteElo "2249"]
[BlackElo "2224"]

1. d4 d5 2. Nf3 Nf6 3. Nc3 Bf5 4. Bg5 e6 5. e3 h6 6. Bxf6 Qxf6 7. Bd3 c5 8. Bxf5
Qxf5 9. Nb5 Na6 10. a3 Be7 11. O-O O-O 12. Qe2 Rfc8 13. Rac1 Nc7 14. Nxc7 Rxc7
15. c4 dxc4 16. e4 Qh5 17. Rxc4 Rac8 18. dxc5 Rxc5 19. Rfc1 Bd6 20. b4 Bxh2+ 21.
Kf1 Rxc4 22. Rxc4 Rxc4 23. Qxc4 Bf4 24. Qc8+ Kh7 25. Qxb7 Qh1+ 26. Ke2 Qxg2 27.
Qxf7 a6 28. Qxf4 1-0

[Event "AUTO-ELITE-1950"]
[Site "http://www.queenalice.com/game.php?id=1518125"]
[Date "2018.3.2"]
[Round "1"]
[White "Guilherme_Ottoni"]
[Black "dorjon"]
[Result "0-1"]
[WhiteElo "2175"]
[BlackElo "2250"]

1. e4 e6 2. d4 g6 3. Bd3 Bg7 4. Be3 d6 5. Nf3 Nd7 6. Nbd2 Ngf6 7. h3 e5 8. d5
O-O 9. O-O a6 10. c4 b6 11. Rc1 Nh5 12. Nh2 Nf4 13. Bxf4 exf4 14. b4 Ne5 15. Be2
a5 16. b5 f5 17. exf5 Bxf5 18. Ndf3 Qe7 19. Nd4 Bd7 20. Re1 Qf6 21. Ndf3 Rae8
22. Nxe5 dxe5 23. Ng4 Qh4 24. Bf3 Qe7 25. Be4 Bf5 26. f3 Rd8 27. Qb3 Bxe4 28.
Rxe4 Kh8 29. Rce1 Rf5 30. Kh2 Re8 31. Nf2 Bf6 32. Nd3 Qd6 33. Nxf4 Bh4 34. Ne6
Bxe1 35. Rxe1 Rxe6 36. dxe6 Qxe6 37. Qc3 Kg8 38. g4 Rf4 39. Re4 Rxe4 40. fxe4
Qf6 41. Kg2 Kf7 42. Qd3 Ke7 43. Qa3+ Qd6 44. Qg3 Qd2+ 45. Kg1 Ke6 46. Qh4 h6 47.
a3 a4 48. Qf2 Qc1+ 49. Kg2 Qxa3 50. Qd2 Qd6 51. Qxh6 Kd7 52. Qg7+ Kc8 53. Qg8+
Kb7 54. Qf7 Qd2+ 55. Kf3 Qd3+ 56. Kf2 Qxe4 57. Qe7 Qxc4 58. Qxe5 Qc5+ 59. Qe3 a3
60. Qxc5 bxc5 61. Ke3 a2 0-1

[Event "AUTO-ELITE-1963"]
[Site "http://www.queenalice.com/game.php?id=1521387"]
[Date "2018.3.27"]
[Round "1"]
[White "dorjon"]
[Black "FabioDavid"]
[Result "0-1"]
[WhiteElo "2232"]
[BlackElo "2519"]

1. e4 e5 2. Nf3 Nc6 3. Bb5 g6 4. d3 Bg7 5. c3 Nge7 6. O-O O-O 7. d4 exd4 8. cxd4
d5 9. exd5 Qxd5 10. Nc3 Qd6 11. Qa4 Nxd4 12. Nxd4 Qxd4 13. Be3 Qxa4 14. Nxa4 c6
15. Bd3 Nd5 16. Rfe1 b5 17. Nc3 Nxe3 18. Rxe3 Be6 19. Kf1 Rad8 20. Bc2 Rd2 21.
Rc1 Bd4 22. Rf3 Bc4+ 23. Kg1 Rd8 24. Ne4 Bxb2 25. Nxd2 Rxd2 0-1

[Event "AUTO-ELITE-1963"]
[Site "http://www.queenalice.com/game.php?id=1521392"]
[Date "2018.3.27"]
[Round "1"]
[White "Seleuco"]
[Black "dorjon"]
[Result "1-0"]
[WhiteElo "2574"]
[BlackElo "2257"]

1. b3 e6 2. Bb2 d5 3. e3 Nf6 4. Nf3 Bd6 5. c4 O-O 6. Nc3 c6 7. d4 Nbd7 8. Qc2
Re8 9. Be2 g6 10. O-O e5 11. cxd5 cxd5 12. Nb5 Bb8 13. Rac1 a6 14. Nc7 Bxc7 15.
Qxc7 Qxc7 16. Rxc7 e4 17. Ne5 Nxe5 18. dxe5 Nd7 19. f3 Nf8 20. fxe4 Be6 21. Bf3
dxe4 22. Bxe4 Red8 23. Bd4 Bd5 24. Bxd5 Rxd5 25. Rfxf7 Ne6 26. Rxb7 Rad8 27.
Rfe7 Nxd4 28. exd4 Rxd4 29. Rg7+ 1-0

[Event "AUTO-ELITE-1963"]
[Site "http://www.queenalice.com/game.php?id=1521393"]
[Date "2018.3.27"]
[Round "1"]
[White "dorjon"]
[Black "Seleuco"]
[Result "0-1"]
[WhiteElo "2260"]
[BlackElo "2572"]

1. e4 c5 2. Nf3 e6 3. d4 cxd4 4. Nxd4 Nf6 5. Nc3 d6 6. Be2 Be7 7. O-O O-O 8. f4
Nc6 9. Kh1 Nxd4 10. Qxd4 b6 11. Bf3 Bb7 12. f5 Nd7 13. fxe6 fxe6 14. Bd2 Ba6 15.
Rfd1 Ne5 16. Be2 Bxe2 17. Nxe2 Rc8 18. Nc3 Rc4 19. Qg1 Ng4 20. Rf1 d5 21. Rxf8+
Bxf8 22. g3 d4 23. Nd1 Bc5 24. b4 Rxc2 25. Be1 Bd6 26. Qxd4 Rxh2+ 27. Kg1 Bc5
0-1

[Event "Challenge"]
[Site "http://www.queenalice.com/game.php?id=1522334"]
[Date "2018.4.4"]
[Round "-"]
[White "Jerzy"]
[Black "dorjon"]
[Result "1-0"]
[WhiteElo "2265"]
[BlackElo "2243"]

1. d4 Nf6 2. Nf3 g6 3. c4 Bg7 4. Nc3 d5 5. e3 O-O 6. h3 c6 7. Bd3 dxc4 8. Bxc4
Nd5 9. Bxd5 cxd5 10. O-O Nc6 11. a3 b6 12. b4 e6 13. Bb2 Bb7 14. Qb3 Rc8 15.
Rfd1 h5 16. Rac1 Bf6 17. Ne2 Kg7 18. Nf4 Ne7 19. Nd3 Nf5 20. Nde5 Nd6 21. Nd2
Nc4 22. Nexc4 dxc4 23. Rxc4 Rxc4 24. Qxc4 Qa8 25. f3 Rc8 26. Qd3 Rc7 27. Rc1 Qc8
28. Rxc7 Qxc7 29. Qc3 Qxc3 30. Bxc3 Kf8 31. Kf2 Ke7 32. Ne4 Bg7 33. b5 a5 34. a4
Bd5 35. Nd2 f5 36. Ke2 Kd7 37. Kd3 Bf8 38. Nc4 Bxc4+ 39. Kxc4 Bg7 40. Bb2 Kd6
41. e4 Kd7 42. Ba3 Bf6 43. e5 Be7 44. Bxe7 Kxe7 45. h4 1-0

[Event "Challenge"]
[Site "http://www.queenalice.com/game.php?id=1522335"]
[Date "2018.4.4"]
[Round "-"]
[White "dorjon"]
[Black "Jerzy"]
[Result "0-1"]
[WhiteElo "2255"]
[BlackElo "2253"]

1. e4 c5 2. Nf3 d6 3. d4 cxd4 4. Nxd4 Nf6 5. Nc3 a6 6. Be2 e5 7. Nb3 Be6 8. O-O
Be7 9. Bg5 Nbd7 10. h3 O-O 11. f4 exf4 12. Bxf4 Rc8 13. Nd4 Nc5 14. Kh1 Ncxe4
15. Nxe4 Nxe4 16. c3 Qb6 17. Bd3 Nc5 18. Nxe6 Nxe6 19. Qf3 Nxf4 20. Qxf4 g6 21.
Bc4 Kg7 22. Rae1 Qc7 23. Bxf7 Qd8 24. Re6 Rc5 25. Qd4+ Re5 26. Rxe5 dxe5 27.
Qxe5+ Bf6 28. Qd5 Rxf7 29. Qf3 Qe7 30. Rd1 Qe6 31. Qd3 Qxa2 0-1